000 00691nam a2200289Ia 4500
005 20260324130045.0
008 008 260324s9999 xx 000 0 eng d
020 _a9781315596204
037 _aEBOOK
040 _aCRL
040 _beng
040 _cCRL
041 _2eng
041 _aeng
084 _qCRL
100 _aRichard Hitchcock
_91180351
245 0 _aMozarabs in Medieval and Early Modern Spain
245 0 _bIdentities and Influences
260 _bTaylor and Francis
260 _c2008
365 _a
365 _b240
856 _uhttp://www.taylorfrancis.com/books/9781315596204
942 _cEBOOK
999 _c1776157
_d1776157